Primer informe parcial de actividades 2002
שמור ב:
| פורמט: | לא ידוע |
|---|---|
| יצא לאור: |
[San José, Costa Rica : Universidad de Costa Rica, Facultad de Ingeniería, Escuela de Ingeniería Industrial. Programa de Investigación y Desarrollo en Ingeniería Industrial]
2002
|
| תגים: |
הוספת תג
אין תגיות, היה/י הראשונ/ה לתייג את הרשומה!
|
MARC
| LEADER | 00000 a2200000 4500 | ||
|---|---|---|---|
| 003 | MV0255 | ||
| 005 | 20240430093102.0 | ||
| 008 | 140114s2002 cr a 000 ||s d | ||
| 040 | |c cru CEDI | ||
| 090 | |a MV-255 | ||
| 245 | |a Primer informe parcial de actividades 2002 | ||
| 260 | |a [San José, Costa Rica : Universidad de Costa Rica, Facultad de Ingeniería, Escuela de Ingeniería Industrial. Programa de Investigación y Desarrollo en Ingeniería Industrial] |c 2002 | ||
| 300 | |a [24] hojas | ||
| 942 | |c MV |h MV -255 |i MV0255 |6 MV_255_MV0255 | ||
| 999 | |c 12491 |d 12491 | ||
